LEADER 01179nam a2200265 i 4500 001 000000044440 003 CaOOAMICUS 005 20101116000000.0 008 101116s1994 it u000 u ita u 013 $a15610 020 $a88-311-2658-X 040 $aSeMil$bita 100 1 $aMiribel, Elisabeth : de.$0(OLS)http://semarc/name/22106 240 10$aGiorgio La Pira :$bespérer contre toute espérance.$0(OLS)http://semarc/title/65727 245 10$aGiorgio La Pira :$bsperare contro ogni speranza /$cElisabeth de Miribel ; presentazione di Francesco Malgeri. 260 $aRoma :$bCittà Nuova,$ccopyr. 1994. 300 $a173 p. ;$c20 cm. 600 14$aLa Pira, Giorgio .$0(OLS)http://semarc/subject/5590 700 1 $aMalgeri, Francesco.$0(OLS)http://semarc/name/322 850 $aSeMil 852 $aSeMil$W1$xVenegono$y1$m3J I 267$j10595$B10595$CSeMilBibl$Z2$F10595 $81 961 $aAcquisto: Città Nuova 996 $6020$a88-311-2658-X$9(OLS)http://semarc/number/16305 996 $6245$aGiorgio La Pira :$bsperare contro ogni speranza$9(OLS)http://semarc/title/65726 996 $6260$aRoma :$bCittà Nuova$9(OLS)http://semarc/publisher/29609 LEADER 01239nam a2200241 i 4500 001 000000077446 003 CaOOAMICUS 005 20010605000000.0 008 010605s1977 fr u000 u fre u 013 $a48618 020 $a2-222-02102-2 040 $aSeMil$bita 245 13$aLe troisième siècle, Origène excepté /$cJ. Allenbach ... [et al.]. 300 $a465 p. ;$c25 cm. 650 4$aPatristica - Scrittori greci.$0(OLS)http://semarc/subject/167 650 4$aPatristica - Scrittori latini.$0(OLS)http://semarc/subject/112 700 1 $aCentre d'Analyse et de Documentation Patristiques : Équipe de Recherche Associée au Centre National de la Recherche Scientifique.$0(OLS)http://semarc/name/3359 700 1 $aAllenbach, Jean.$0(OLS)http://semarc/name/37964 773 0 $aCentre d'Analyse et de Documentation Patristiques : Équipe de Recherche Associée au Centre National de la Recherche Scientifique$tBiblia Patristica.$dParis : CNRS, 1975-2000.$g2$w()6424 850 $aSeMil 852 $aSeMil$W1$xVenegono$y1$mSL2.A I 4$j43598$B43598$CSeMilBibl$Z2$F42996 $8I 996 $6020$a2-222-02102-2$9(OLS)http://semarc/number/59132 996 $6245$aLe troisième siècle, Origène excepté$9(OLS)http://semarc/title/125768 LEADER 00492nab a2200145 i 4500 001 000000309511 003 CaOOAMICUS 005 20180831172955.0 008 180831n xx uu u0 0und r 013 $a18604 040 $aSeMil$bita 100 1 $aAlbertario, Davide,$c.$0(OLS)http://semarc/name/14608 245 13$aLe processioni e le loro proibizioni. 773 0 $t[Luglio-Dicembre].$g145-167$w()268735 996 $6245$aLe processioni e le loro proibizioni$9(OLS)http://semarc/title/384547